| 000 | 00385cam a2200157ua 4500 | ||
|---|---|---|---|
| 041 |
_aeng _h |
||
| 082 |
_a515.43 _bFER/IN |
||
| 100 | _aFerrar , W L . | ||
| 245 |
_aIntegral calculus / _cW L Ferrar. _hTextual Documents |
||
| 250 |
_a1 / _b. |
||
| 260 |
_aLondon : _bOxford at the Clarendon Press , _c1958. |
||
| 300 | _a275 ; . | ||
| 504 | _a | ||
| 942 | _cBK | ||
| 999 |
_c5384 _d5384 |
||